Personnalité née dans chaque département français - Statistiques

Statistiques générales
  • Ce quiz a été pris 87 fois
  • Le résultat moyen est 53 sur 108
Statistiques - réponses
Par images Hint Réponse % Correct
Aisne Philippe Etchebest
93%
Indre Gérard Depardieu
92%
Alpes-Maritimes Hugo Lloris
88%
Charente François Mitterrand
87%
Haute-Garonne Léon Marchand
85%
Yvelines Omar Sy
85%
Gard Julien Doré
84%
Corse-du-Sud Napoléon Ier
84%
Nord Charles De Gaulle
83%
Hauts-de-Seine Jean Dujardin
83%
Dordogne Pascal Obispo
83%
Cantal Georges Pompidou
81%
Calvados Michel Drucker
81%
Savoie Olivier Giroud
81%
Doubs Victor Hugo
81%
Drôme Sébastien Chabal
80%
Bas-Rhin M. Pokora
79%
Creuse Thierry Ardisson
77%
Hautes-Pyrénées Antoine Dupont
76%
Rhône Florence Foresti
76%
Pas-de-Calais Louane
75%
Français né en Afrique Alain Chabat
73%
Somme Michou
73%
Bouches-du-Rhône Clara Luciani
72%
Isère Calogero
71%
Français né en Europe Marie Curie
71%
Finistère Nolwenn Leroy
71%
Saône-et-Loire Rachida Dati
71%
Essonne Thierry Henry
71%
Puy-de-Dôme Claire Chazal
69%
Nièvre Roselyne Bachelot
69%
Haute-Corse Adil Rami
68%
Vosges Jeanne d'Arc
68%
Seine-Maritime Laurent Ruquier
68%
Loire Muriel Robin
68%
Français né en Amérique du Nord Timothée Chalamet
68%
Ariège Fabien Barthez
65%
Paris Marion Cotillard
65%
Pyrénées-Orientales Martin Fourcade
64%
Guyane Christiane Taubira
63%
Oise Grégoire
63%
Meuse Isabelle Nanty
63%
Jura Louis Pasteur
63%
Ardennes Arthur Rimbaud
59%
Lot-et-Garonne Francis Cabrel
59%
Hérault Georges Brassens
59%
Deux-Sèvres Philippe Katerine
59%
Landes Alain Juppé
57%
Sarthe Passe-Muraille
57%
Gironde Jacques-Yves Cousteau
56%
Seine-Saint-Denis JoeyStarr
56%
Ain Laurent Gerra
56%
Val-d'Oise Lorie Pester
52%
Guadeloupe Marie-José Pérec
52%
Hautes-Alpes Marie-Anne Chazel
51%
Moselle Patricia Kaas
48%
Loiret Florian Thauvin
47%
Eure Laetitia Casta
47%
Haut-Rhin Laura Felpin
47%
Tarn-et-Garonne Pierre Perret
47%
Nouvelle Calédonie Christian Karembeu
45%
Corrèze Cédric Villani
41%
Haute-Savoie Frédérique Bel
41%
Marne Élodie Gossuin
40%
Haute-Loire Gilbert du Motier de La Fayette
40%
Cher Julian Alaphilippe
39%
Mayenne Pierre-Emerick Aubameyang
37%
Aude Charles Trenet
36%
Ille-et-Vilaine Clarisse Agbegnenou
36%
Var Emmanuelle Béart
36%
Lot Françoise Sagan
36%
Martinique Joséphine de Beauharnais
36%
Pyrénees-Atlantiques Mac Lesggy
36%
Val-de-Marne Anne-Élisabeth Lemoine
35%
Vendée Georges Clemenceau
35%
Haute-Marne Denis Diderot
31%
Loire-Atlantique Jules Verne
31%
Vaucluse Ponce
31%
Côtes d'Armor Patrick Dewaere
29%
Français né en Amérique du Sud Bérénice Béjo
28%
Indre-et-Loire René Descartes
28%
Haute-Saône Thibaut Pinot
27%
Tarn Jean Jaurès
25%
Vienne Joël Robuchon
25%
Haute-Vienne Laëtitia Milot
24%
La Réunion Raymond Barre
24%
Orne Thérèse de Lisieux
24%
Polynésie Française Vaimalama Chaves
24%
Territoire de Belfort Tahar Rahim
23%
Maine-et-Loire Gabrielle Chanel
21%
Alpes-de-Haute-Provence Alain Boghossian
20%
Allier Richard Bohringer
17%
Côte-d'Or Gustave Eiffel
16%
Français né en Asie Marguerite Duras
16%
Yonne Colette
15%
Morbihan Hélène de Fougerolles
12%
Loir-et-Cher Pierre de Ronsard
12%
Aveyron Pierre Soulages
12%
Seine-et-Marne Louis Braille
11%
Manche Christian Dior
9%
Eure-et-Loir Gustave Le Bon
9%
Gers Jean-Luc Lagardère
9%
Meurthe-et-Moselle Virginie Despentes
9%
Mayotte Toifilou Maoulida
8%
Lozère Urbain V
7%
Aube Gaston Bachelard
4%
Charente-Maritime Samuel de Champlain
3%
Ardèche Henri Charrière
1%
Aucun quiz correspondant
Distribution des résultats
% des personnes avec chaque résultat
Percentile par nombre de réponses
Votre historique - résultats
Vous n’avez pas pris ce quiz